| 000 | 00535nam a2200193 a 4500 | ||
|---|---|---|---|
| 001 | 7552 | ||
| 003 | CO-ViMGA | ||
| 008 | 141112s2004 ck r 000 u spa d | ||
| 020 | _a9589272819 | ||
| 040 |
_aCO-ViMGA _bspa _cCO-ViMGA |
||
| 082 | 0 | 4 | _a345.05 G431 |
| 100 | 1 |
_aGiraldo Ángel, Jaime _96897 |
|
| 245 | 1 | 0 |
_aJusticia y Sistema Politico / _cJaime Giraldo Ángel |
| 260 |
_aSantafé de Bogotá : _bFescol, _c1997 |
||
| 300 | _a119 p 22 cm | ||
| 490 | _aDebate politico | ||
| 650 | 1 | 4 |
_aJUSTICIA COLOMBIANA _96898 |
| 942 |
_2ddc _cBK |
||
| 999 |
_c19499 _d19499 |
||